000 01968nam a2200397Ia 4500
001 ebr10554809
003 CaPaEBR
006 m u
007 cr cn|||||||||
008 120112s2011 nyub s 000 0 eng d
020 _z0876095007
020 _z9780876095003
020 _z9780876095010
040 _aCaPaEBR
_cCaPaEBR
035 _a(OCoLC)743412150
050 1 4 _aDS63.1
_b.N45 2011eb
245 0 4 _aThe new Arab revolt
_h[electronic resource].
246 3 _aNew Arab revolt :
_bwhat happened, what it means, and what comes next
260 _aNew York :
_bCouncil on Foreign Relations,
_cc2011.
300 _axvi, 480 p. :
_bmap.
500 _a"The volume includes seminal pieces from Foreign Affairs, ForeignAffairs.com, and CFR.org. In addition, major public statements by Barack Obama, Hillary Rodham Clinton, Hosni Mubarak, Muammar al-Qaddafi, and others are joined by Egyptian opposition writings and relevant primary source documents.".
533 _aElectronic reproduction.
_bPalo Alto, Calif. :
_cebrary,
_d2011.
_nAvailable via World Wide Web.
_nAccess may be limited to ebrary affiliated libraries.
650 0 _aRevolutions
_zArab countries
_xHistory
_y21st century.
650 0 _aGovernment, Resistance to
_zArab countries
_xHistory
_y21st century.
650 0 _aDemocratization
_zMiddle East
_xHistory
_y21st century.
650 0 _aIslam and politics
_zMiddle East
_xHistory
_y21st century.
651 0 _aMiddle East
_xPolitics and government
_y21st century.
651 0 _aArab countries
_xPolitics and government
_y21st century.
651 0 _aUnited States
_xForeign relations
_zMiddle East.
651 0 _aMiddle East
_xForeign relations
_zUnited States.
655 7 _aElectronic books.
_2local
710 2 _aCouncil on Foreign Relations.
710 2 _aebrary, Inc.
730 0 _aForeign affairs.
856 4 0 _uhttp://site.ebrary.com/lib/rucke/Doc?id=10554809
_zAn electronic book accessible through the World Wide Web; click to view
999 _c91824
_d91824